000
00211nam a22000857a 4500
008
160715b xxu||||| |||| 00| 0 eng d
100
_9
2872
_a
Mohan R
245
_a
Mathville VIII
260
_a
New Delhi
_b
G.Ram Books
_c
213
999
_c
2445
_d
2445